Public interest litigation with model PIL formats / (Record no. 93306)

MARC details
000 -LEADER
fixed length control field 00617nam a22002057a 4500
005 - DATE AND TIME OF LATEST TRANSACTION
control field 20150623111717.0
010 ## - LCCN (DPL NO)
LC control number ENG-112859
020 ## - INTERNATIONAL STANDARD BOOK NUMBER
Terms of availability 595.00
International Standard Book Number 9789350353882
035 ## - SYSTEM CONTROL NUMBER
System control number EN-96391
037 ## - SOURCE OF ACQUISITION
Source of stock number/acquisition DBAD/PUB
082 ## - DEWEY DECIMAL CLASSIFICATION NUMBER
Classification number 349.54
100 ## - MAIN ENTRY--PERSONAL NAME
Personal name Wadehra, B.L.
245 ## - TITLE STATEMENT
Title Public interest litigation with model PIL formats /
Statement of responsibility, etc by B.L.Wadehra
250 ## - EDITION STATEMENT
Edition statement 4th ed
260 ## - PUBLICATION, DISTRIBUTION, ETC. (IMPRINT)
Place of publication, distribution, etc New Delhi
Name of publisher, distributor, etc Universal Law Publishing
Date of publication, distribution, etc 2014
270 ## - ADDRESS
Address A-58, G.T. Karnal Road Industrial Area,
City Delhi
Postal code 110033
300 ## - PHYSICAL DESCRIPTION
Extent xlvi,455p.
Dimensions 24cm(pbk)
500 ## - GENERAL NOTE
General note Includes index
942 ## - ADDED ENTRY ELEMENTS (KOHA)
Source of classification or shelving scheme Dewey Decimal Classification
Item type English Books
Call number suffix WAD
Classification part 349.54
Holdings
Withdrawn status Lost status Not for loan Collection code Home library Current library Date acquired Source of acquisition Cost, normal purchase price Full call number Barcode Copy number Cost, replacement price Koha item type
    Not For Loan Non-fiction D.B.Act.Division D.B.Act.Division 05/05/2015 DBAD/PUB 595.00 349.54 WAD EN-96391 1 595.00 English Books

© Delhi Public Library
Hit Counter
free hit counter